| 000 | 00986cam a22003015a 4500 | ||
|---|---|---|---|
| 001 | 31960 | ||
| 005 | 20230411085954.0 | ||
| 008 | 031217s2003 ag b i000 0 spa d | ||
| 035 | _a13440794 | ||
| 925 | 0 |
_aacquire _b1 shelf copy _xpolicy default |
|
| 942 |
_2lcc _cbk |
||
| 010 | _a2004392595 | ||
| 035 | _a(CStRLIN)UTBGA3317093-B | ||
| 035 | _a(UPB)a3317093 | ||
| 040 |
_aCGU _cCGU _dNNU _dUPB _dDLC |
||
| 042 | _alccopycat | ||
| 043 | _acl----- | ||
| 097 | 0 | 0 |
_aLB 1028.3 _bE24 2003 |
| 245 | 0 | 0 |
_aEducación y nuevas tecnologías : _bexperiencias en América Latina / _cDaniel Filmus ... [et al.]. |
| 260 |
_aBuenos Aires : _bInstituto Internacional de Planeamiento de la Educación ; _bUNESCO, _c2003. |
||
| 300 |
_a144 p. ; _c21 cm. |
||
| 504 | _aIncludes bibliographical references. | ||
| 650 | 0 | _aEducational technology | |
| 650 | 0 |
_aEducational technology _zLatin America. |
|
| 700 | 1 | _aFilmus, Daniel. | |
| 923 |
_d20031202 _n38281 _sAgBaFGC |
||
| 985 | _eVENDOR LOAD | ||
| 999 |
_c110266 _d110266 |
||